000 00768nam a2200241Ia 4500
003 CO-ViMGA
005 20230915233132.0
008 141031s9999 xx 000 0 und d
020 _a9789588160863
040 _aCO-ViMGA
_bspa
_cCO-ViMGA
090 _aP LEN2
245 1 0 _aLengua erotica : antologia poetica para hacer el amor
_cseleccin̤ Juan Gustavo Cobo Borda
250 _a1a. ed.
260 _aBogot
_bVillegas
_c2010
300 _a473 pg̀inas
_bilustraciones
_c21 cm.
490 _aVillegas. Poesia
500 _aDonacin̤ Villegas Editores
650 1 4 _a Antologias
_2LEMB
_97989
650 1 4 _a Poesia amorosa
_2LEMB
_93082
650 1 4 _a Poesia erot̤ica
_2LEMB
_917298
700 1 0 _aCobo Borda, Juan Gustavo,
_d1948-
_917299
942 _2ddc
_cBK
999 _c35525
_d35525